Knihám áno, drogám nie

Bibliographic Details
Main Author: Šulajová, Eva (Compiler)
Format: Book
Language:Slovak
PhysicalDescription:10 s. 21x15 cm
Published: Bratislava Mestská knižnica 1998
Subjects:

MARC

LEADER 00000nam a2200000 a 4500
001 vtls001354173
003 SK-MaSNL
005 20260331203351.0
008 160401sm y0 xo r y 0 slo
015 |a SNBSAB1998-00092 
035 |a SNK000307603 
040 |a SNK  |b slo  |c SNK  |e AACR2 
041 0 |a slo 
044 |a xo  |c SK 
080 |a 178.8  |2 1981 
100 1 |a Šulajová, Eva  |4 zos  |9 267032 
245 1 |a Knihám áno, drogám nie  |c [zostavila: Eva Šulajová] 
260 |a Bratislava  |b Mestská knižnica  |c 1998 
300 |a 10 s.  |c 21x15 cm 
500 |a Údaj o zost. je prevzatý z tiráže 
500 |a 50 výt. 
504 |a Lit. 30 zázn. o kn. v češ. a slov. 
650 0 7 |a drogy  |x závislosť drogová  |x bibliografie výberové  |2 SNK  |9 634364 
655 7 |a neperiodické bibliografie  |2 SNK  |9 60408 
958 |a RM 
958 |a SF 
999 |c 978340  |d 980270 
952 |t P60, <03>, [BOOK], {603}  |a SNK  |b SNK  |y PREZ  |7 0  |p 17A0179274  |o snkOSC 20067  |i snkKSP 1169/99  |0 0  |1 0  |4 0  |d 1999-02-05  |l 0  |r 2005-01-02 00:00:00  |w 2026-02-24 
952 |t P60, <04>, [BOOK], {604}  |a SNK  |b SNK  |y VYP  |7 0  |p 17A0179275  |o snkOSC 20067 D1  |i snkKSP 1170/99  |0 0  |1 0  |4 0  |d 1999-02-05  |l 0  |r 2005-01-02 00:00:00  |w 2026-02-24